000 00419pab a2200157 454500
008 180718b2009 xxu||||| |||| 00| 0 eng d
100 _aJohn, Mary E. et al.
245 _aDispensing with daughters: technology, society, economy in North India
260 _c2009
300 _ap.16-19.
362 _a11 Apr
650 _aSex distribution
773 _aEconomic and Political Weekly
908 _aN
909 _a82076
999 _c82076
_d82076